000 00341 a2200145 4500
001 148917
040 _cEscola São Tomás de Aquino
100 _aLARREULA, Enric
240 1 0 _aBruxa Onilda vai a Paris
_lpor
245 1 0 _aBruxa Onilda vai a Paris
362 0 _a2003
440 1 _aScipione
697 _a*LITERATURA INFANTO
942 _cBK
999 _c148917
_d148917